000 00298nam a22001337a 4500
008 170612b xxu||||| |||| 00| 0 eng d
020 _a9780801481086
041 _aeng
080 _a32
100 _a19
101 _aSHP
245 _aPOLITICAL YJEORY MODERNITY
_cCONNOLLY.E
942 _2udc
_cBK
999 _c16940
_d16940